logo

Bir Sreshtho Munshi Abdur Rouf Library
Jhenaidah Cadet College

Ignited Minds : (Record no. 13088)

MARC details
000 -LEADER
fixed length control field 00660nam a2200241 a 4500
001 - CONTROL NUMBER
JCCL Control Number 13088
003 - CONTROL NUMBER IDENTIFIER
JCCL marc code BD-JhCC
005 - DATE AND TIME OF LATEST TRANSACTION
control field 20230625092427.0
008 - FIXED-LENGTH DATA ELEMENTS--GENERAL INFORMATION
fixed length control field 230625b20022014ii |||| ||a| 001 0 eng d
020 ## - INTERNATIONAL STANDARD BOOK NUMBER
International Standard Book Number 9780143424123
035 ## - SYSTEM CONTROL NUMBER
system control number (BD-JhCC)13088
040 ## - CATALOGING SOURCE
Original cataloging agency BD-JhCC
Modifying agency BD-JhCC
041 ## - LANGUAGE CODE
Language code of Book english
082 ## - DEWEY DECIMAL CLASSIFICATION NUMBER
Classification number 306.08954
Author mark and Year ABD 2014
100 ## - MAIN ENTRY--PERSONAL NAME
Personal name Abdul Kalam,A.P.J
245 ## - TITLE STATEMENT
Title Ignited Minds :
Remainder of title unleashing the power within India /
Statement of responsibility, etc A.P.J Abdul Kalam.
260 ## - PUBLICATION, DISTRIBUTION, ETC. (IMPRINT)
Place of publication, distribution, etc India :
Name of publisher, distributor, etc Penguin Books;
Date of publication, distribution, etc 2014.
300 ## - PHYSICAL DESCRIPTION
Pagination 189 p. :
Dimensions 18 cm.
650 ## - SUBJECT ADDED ENTRY--TOPICAL TERM
Topical term or geographic name as entry element Motivation (Psychology) in adolescence
650 ## - SUBJECT ADDED ENTRY--TOPICAL TERM
Topical term or geographic name as entry element Patriotism
650 ## - SUBJECT ADDED ENTRY--TOPICAL TERM
Geographic subdivision India
942 ## - ADDED ENTRY ELEMENTS (KOHA)
Source of classification or shelving scheme Dewey Decimal Classification
Koha item type Books
Holdings
Source of classification or shelving scheme Damaged status Not for loan Home library Current library Shelving location Date of accession Cost, normal purchase price Total Checkouts Full call number Barcode Date last seen Date checked out Copy number Method of acquisition Koha item type Currency
Dewey Decimal Classification     JCC Rouf Library JCC Rouf Library General Stacks 06/25/2023 358.00 4 306.08954 ABD 2014 18483 02/19/2024 02/12/2024 C-1 Purchase Books BDT

JCC Library | Contacts | JCC Home

Last Update on 23 September 2017
Copyright @ 2017-2020 JCC Rouf Library
Rouf Library, Jhenidah Cadet College (JCC), Bangladesh